Normativa sobre la ejecución de la pena y sistema penitenciario (Registro nro. 9647)
[ vista simple ]
| 000 -Cabecera | |
|---|---|
| Campo de control de longitud fija | 00671nam a22002537a 4500 |
| 005 - Fecha y hora de la última transacción | |
| Campo de control | 20250819142526.0 |
| 008 - Elementos de longitud fija--Información general | |
| Campo de control de longitud fija | 170719b2016 xxu||||| |||| 00| 0 spa d |
| 020 ## - International Standard Book Number | |
| Número Internacional Estándar del Libro (ISBN) | 97899771136424 |
| 041 ## - Idioma | |
| Código de idioma | Español |
| 082 ## - Clasificación Decimal Dewey | |
| Número de clasificación | 343.33 C8374n |
| 100 ## - Entrada principal--Autor personal | |
| Nombre personal | Costa Rica, Leyes, decretos, etc. |
| 245 ## - Título propiamente dicho | |
| Título | Normativa sobre la ejecución de la pena y sistema penitenciario |
| 260 ## - Pie de imprenta | |
| Lugar de publicación, distribución, etc. | Costa Rica |
| 260 ## - Pie de imprenta | |
| Nombre del editor, distribuidor, etc. | IJSA |
| 260 ## - Pie de imprenta | |
| Fecha de publicación, distribución, etc. | 2016 |
| 490 ## - Serie | |
| Título de la Serie | Investigación Criminal |
| 650 ## - Materia general | |
| Temática (materia general) | COSTA RICA |
| 650 ## - Materia general | |
| Temática (materia general) | PRISIÓN |
| 650 ## - Materia general | |
| Temática (materia general) | DETENCIÓN DE PERSONAS |
| 650 ## - Materia general | |
| Temática (materia general) | PROCEDIMIENTO PENAL |
| 650 ## - Materia general | |
| Temática (materia general) | SISTEMA PENITENCIARIO |
| 650 ## - Materia general | |
| Temática (materia general) | PENAS |
| 942 ## - Punto de acceso adicional KOHA | |
| Tipo de ítem KOHA | Libro |
| Fuente del sistema de clasificación o colocación | Dewey Decimal Classification |
| Signatura completa | Código de barras | Programa Académico | Tipo de ítem |
|---|---|---|---|
| 343.33 C8374n | 22401 | Investigación Criminal | Libro |